| 000 | 01014cab a22002295a 4500 | ||
|---|---|---|---|
| 001 | L137617 | ||
| 008 | 070419e20070414xxkdo f 000 0 eng d | ||
| 035 | _a(Sirsi) u137617 | ||
| 041 | 0 | _aeng | |
| 100 | 1 | _aCunningham, Daniel | |
| 245 | 0 | 0 |
_aFocus _bEssex |
| 260 | _c2007 | ||
| 490 | 0 |
_aEstates Gazette _v(0715) 14 April 2007, 83-103(10) |
|
| 520 | _aDescribes town centre regeneration projects in Basildon, Pitsea and Wickford. Prospects for office developments are analysed, finding that developers are confident despite a static market. Commercial developers of residential property are hoping to capitalise on the council's review of its portfolio. The industrial market promises stiff competition for sites. Competition among retail centres is described, with focus on Southend and Harlow. | ||
| 590 | _aKA | ||
| 651 | 4 | _aESSEX | |
| 690 | _aPROPERTY-COMMERCIAL PROPERTY-COMMERCIAL PROPERTY MARKET | ||
| 700 | 1 | _aRobson, Claire | |
| 700 | 1 | _aJack, Simon | |
| 700 | 1 | _aCavanagh, Elaine | |
| 942 | _n0 | ||
| 999 |
_c78675 _d78675 |
||